Islamic Humanism (Record no. 16025)

MARC details
000 -LEADER
fixed length control field 00593nam a2200241 a 4500
020 ## - INTERNATIONAL STANDARD BOOK NUMBER
ISBN 0195806
082 00 - DEWEY DECIMAL CLASSIFICATION NUMBER
Classification number 297.26
Author Cutter GOO
100 ## - MAIN ENTRY--AUTHOR NAME
Author name Goodman, Lenn E
245 ## - TITLE STATEMENT
Title Islamic Humanism
260 ## - PUBLICATION, DISTRIBUTION, ETC. (IMPRINT)
Place of publication Londan
Name of publisher Oxford University Press
Year of publication 2003
300 ## - PHYSICAL DESCRIPTION
Number of Pages 273p
500 ## - GENERAL NOTE
General note includes index and biblioraphy
505 2# - FORMATTED CONTENTS NOTE
Formatted contents note References
650 ## - SUBJECT ADDED ENTRY--TOPICAL TERM
Topical Term Islam and Humanism
942 ## - ADDED ENTRY ELEMENTS (KOHA)
Koha item type Books
700 1# -
-- Goodman, Lenn E
Holdings
Collection code Home library Current library Date acquired Cost, normal purchase price Full call number Accession Number Koha item type
  Henry Martyn Institute Library Henry Martyn Institute Library 05/21/2013 795.00 297.26 GOO 020453 Books
                   Copyright © 2026 | Henry Martyn Institute | Hyderabad | TS-500052 | INDIA | Implemented by hmi.edu.in
Hit-Count:

Powered by Koha